Metabolizmus flavonoidov v ľudskom organizme

Guardado en:
Detalles Bibliográficos
Autor principal: Gavalierová, Romana (Autor)
Otros Autores: Mikulajová, Anna (Orientador)
Formato: Manuscrito Libro
Lenguaje:eslovaco
Publicado: 2018
Materias:
Acceso en línea:http://is.stuba.sk/zp/portal_zp.pl?podrobnosti=132855
Etiquetas: Agregar Etiqueta
Sin Etiquetas, Sea el primero en etiquetar este registro!

MARC

LEADER 00000ntm a22000003a 4500
001 stuzp69825
003 SK-STU
005 20180623211043.8
007 ta
008 150427s2015----xo-----f-mn---000-0-slo-d
040 |a STU  |b slo 
041 0 |a slo 
100 1 |a Gavalierová, Romana  |u 040270  |4 aut  |U FCHPT Ústav potravinárstva a výživy  |T FCHPT Oddelenie výživy a hodnotenia kvality potravín  |X 82131  |U C0270  |Y 686  |7 82131 
242 0 1 |a Metabolism of Flavonoids in Human  |y eng 
245 1 0 |a Metabolizmus flavonoidov v ľudskom organizme 
260 |c 2018 
650 4 |a metabolizmus  |2 slo 
650 4 |a flavonoidy  |2 slo 
650 4 |a organizmus  |2 slo 
650 4 |a biologické účinky  |2 slo 
650 4 |a ochorenia  |2 slo 
650 4 |a flavonoids  |2 eng 
650 4 |a metabolism  |2 eng 
650 4 |a biological effects  |2 eng 
650 4 |a diseases  |2 eng 
650 4 |a organism  |2 eng 
700 1 |a Mikulajová, Anna  |u 043360  |k Z2  |4 ths  |U FCHPT Ústav biochémie a mikrobiológie  |T FCHPT Oddelenie výživy a hodnotenia potravín  |X 3927  |U C3360  |Y 114  |7 3927 
856 4 |u http://is.stuba.sk/zp/portal_zp.pl?podrobnosti=132855